| 000 | 01035cad a22002175a 4500 | ||
|---|---|---|---|
| 001 | E154708 | ||
| 008 | 120116e20120116xxk s000 0 eng d | ||
| 035 | _a(Sirsi) u154708 | ||
| 041 | 0 | _aeng | |
| 110 | 2 |
_aScotland _bScottish Government _95344 |
|
| 245 | 0 | 0 |
_aBringing ultra-long leases to an end _h[electronic resource] |
| 260 | _c2011 | ||
| 490 |
_aScottish Government News Release _v16 January 2012 |
||
| 520 | _aAnnounces the publication of the Long Leases (Scotland) Bill, which will end the phenomenon of ultra-long leases (where a property is let for over 175 years and has more than 100 years to run) by changing them to ownership. There are approximately 9 000 such leases in Scotland, of which two thirds have annual rents of £5 or less. | ||
| 590 | _aKA | ||
| 650 | 2 | 4 | _aLONG LEASES (SCOTLAND) BILL |
| 651 | 4 |
_aScotland _y1999- |
|
| 690 |
_aLandlord and tenant _96252 |
||
| 856 | 4 | 0 |
_uhttps://www.scotland.gov.uk/News/Releases/2012/01/12111535 _zView the news release free of charge at www.scotland.gov.uk |
| 942 | _n0 | ||
| 999 |
_c83712 _d83712 |
||